Hemodynamic gestational adaptation in bitches (Registro n. 329709)
[ somente texto ]
| 000 -LÍDER | |
|---|---|
| fixed length control field | 03801nab a2200313 i 4500 |
| 003 - CÓDIGO MARC DA AGÊNCIA CATALOGADORA | |
| Campo de controle | BR-BrBNA |
| 005 - DATA E HORA DA ÚLTIMA ATUALIZAÇÃO | |
| Campo de controle | 20250128150229.0 |
| 008 - CAMPO DE TAMANHO FIXO | |
| fixed length control field | 250128b2017 bl.mr|pooa||| 00| 0 eng | |
| 040 ## - FONTE DA CATALOGAÇÃO | |
| Agência catalogadora | BR-BrBNA |
| Idioma da catalogação | eng |
| 072 ## - CATEGORIA AGRIS | |
| Código AGRIS | L53 |
| Código do objeto | 5400 |
| 100 ## - ENTRADA PRINCIPAL - NOME PESSOAL | |
| Nome pessoal | Almeida, Vívian Tavares de |
| 100 ## - ENTRADA PRINCIPAL - NOME PESSOAL | |
| Nome pessoal | Uscategui, Ricardo Andres Ramirez |
| 100 ## - ENTRADA PRINCIPAL - NOME PESSOAL | |
| Nome pessoal | Silva, Priscila Del Aguila da |
| 100 ## - ENTRADA PRINCIPAL - NOME PESSOAL | |
| Nome pessoal | Avante, Michele Lopes |
| 100 ## - ENTRADA PRINCIPAL - NOME PESSOAL | |
| Nome pessoal | Simões, Ana Paula Rodrigues |
| 100 ## - ENTRADA PRINCIPAL - NOME PESSOAL | |
| Nome pessoal | Vicente, Wilter Ricardo Russiano |
| 245 ## - TÍTULO PRINCIPAL | |
| Título principal | Hemodynamic gestational adaptation in bitches |
| 500 ## - NOTA GERAL | |
| Nota geral | Publicação on-line; 41 ref.; Sumaries (En, Pt) |
| 942 ## - ADDED ENTRY ELEMENTS (KOHA) | |
| Koha item type | Analítica |
| 520 ## - NOTA DE RESUMO | |
| Nota de conteúdo | <br/><br/>ABSTRACT - Throughout pregnancy, maternal hemodynamic adaptation is needed to ensure proper uterine perfusion and fetal development. When the uteroplacental vascular system is formed, starting with reduced resistance to uterine arterial flow, this results in decreased total vascular resistance, an activation of neuroendocrine vasoactive peptides, an increase in circulating blood and changes in the cardiovascular system morphophysiology to respond to the increasing demands of uterine perfusion. There has been considerable study of hemodynamic adaptation in pregnant women and this assessment has become a diagnostic tool for fatal obstetric disorders. However, in bitches the available information in this regard is limited; therefore a parallel was drawn between other species of animals and women, in order to subsidize the paucity of information about this process and facilitate the understanding of maternal-fetal hemodynamic adaptation in pregnant bitches. This review and literature analysis aimed\ to discuss morphophysiological cardiovascular adaptations during pregnancy and the possible disorders that can affect this process in pregnant female dogs.<br/><br/>Key words: cardiovascular, pregnancy, gestation, morphophysiology, dogs. |
| 520 ## - NOTA DE RESUMO | |
| Nota de conteúdo | <br/><br/>RESUMO - Durante a gestação, a adaptação hemodinâmica materna é necessária para garantir adequada perfusão uterina e desenvolvimento fetal. A formação de um leito vascular uteroplacentário a partir da redução na resistência ao fluxo da artéria uterina reflete na diminuição da resistência vascular total, ativação de fatores neuroendócrinos vasoativos, aumento do volume de sangue circulante e modificações na morfofisiologia do sistema cardiovascular para responder as demandas crescentes de perfusão uterina. Em mulheres gestantes o estudo da adaptação hemodinâmica encontrase bastante desenvolvido e esta avaliação tem se convertido em uma ferramenta diagnóstica de desordens obstétricas que podem comprometer a relação do binômio materno-fetal. Não obstante, em cadelas a informação disponível a este respeito é limitada e por isso traçou-se um paralelo entre outras espécies de animais e mulheres, de maneira que subsidiassem a carência de informações a este respeito e facilitassem o processo de compreensão da adaptação hemodinâmica materno-fetal em cadelas gestantes. Esta revisão e análise da literatura visa abordar a adaptação morfofisiológica cardiovascular frente à gestação e as possíveis desordens que possam acometer este processo em cães.<br/><br/>Palavras-chave: cardiovascular, gestação, prenhez, morfofisiologia, cães. |
| 650 ## - ASSUNTO - THESAGRO | |
| Cabeçalho tópico ou nome geográfico | CÃO |
| 650 ## - ASSUNTO - THESAGRO | |
| Cabeçalho tópico ou nome geográfico | REPRODUÇÃO ANIMAL |
| 650 ## - ASSUNTO - THESAGRO | |
| Cabeçalho tópico ou nome geográfico | PRENHEZ |
| 650 ## - ASSUNTO - THESAGRO | |
| Cabeçalho tópico ou nome geográfico | APARELHO CIRCULATÓRIO |
| 773 0# - ENTRADA ANALÍTICA | |
| Host Biblionumber | 2408 |
| Registro do item | 346533 |
| Imprenta | Santa Maria-RS Universidade Federal de Santa Maria - Centro de Ciências Rurais 1991 |
| Outro identificador | 2024-7204 |
| Título | Ciência Rural (Brazil) |
| ISSN | 0103-8478 Versão online ISSN 1678-4596 |
| Colação | v. 47(7) p. 1-6 ; (2017) |
| Número de controle de registro | BR2024004259 |
| 856 ## - ACESSO E ENDEREÇO ELETRÔNICO | |
| Identificador uniforme de recurso - URI | https://www.scielo.br/j/cr/a/WrMtdy6hd6csfVsWyZ56KNc/?format=pdf&lang=en |
Nenhum exemplar disponível.

BINAGRI